00527nam a22001697a 4500010001400000020002700014020005500041035001700096035001300113037002100126082000600147100001800153245006400171260003300235270006800268300002100336 a1617CH-EN a9780141342429c599.00  a9780141342443 (Ashok Vihar)c399.00 (Ashok Vihar) aB-645674-692 aB-669787 aDPLbPragati/ven aS aRiordan, Rick aMagnus chase : cby Rick Riodanband the sword of summer /  aGurgaonbPuffin Books c2015 a7th Floor, Infinity Tower C, DLF Cyber City, bGurgaon e122002 a495p.c24cm(pbk)